000 00631cam a2200229 4500500
005 20260405003820.0
041 _afre
042 _adc
100 1 0 _aEnjalbert, Cédric
_eauthor
245 0 0 _aJuger est un sport de combat !
260 _c2024.
500 _a87
690 _aAnticipation
690 _aBoxe
690 _aChoix
690 _aDécision
690 _aJuger
690 _aJustice
690 _aSport
786 0 _nPhilosophie magazine | 176 | 1-2 | 2024-02-01 | p. 29-31 | 1951-1787
856 4 1 _uhttps://shs.cairn.info/magazine-philosophie-magazine-2024-2-page-29?lang=fr&redirect-ssocas=7080
999 _c2071079
_d2071079